T07 駅名クイズ - 市営地下鉄 ver. - Statistics

General Stats
  • This quiz has been taken 366 times
  • The average score is 95 of 320
Answer Stats
Number Answer % Correct
H08 | S02 名古屋
74%
N10 | T07 仙台
66%
H10 | M05
64%
B20 横浜
61%
H07 | N06 さっぽろ
59%
K01 上飯田
57%
E01 | M01 | N08 金山
56%
T10 東山
55%
E07 名古屋港
54%
S21 徳重
54%
B25 新横浜
52%
K11 京都
51%
S02 新神戸
51%
K11 | N18 博多
51%
S01 太閤通
50%
T19 新さっぽろ
49%
S03 | T04 国際センター
49%
T10 鶴舞
49%
B29 | G04 センター南
48%
B30 | G05 センター北
48%
S03 三宮
48%
K13 福岡空港
47%
H09 | T07 伏見
46%
M07 名古屋城
46%
K08 天神
46%
H08 | N07 | T09 大通
45%
T20 赤池
45%
B01 湘南台
44%
H22 藤が丘
44%
M06 | S05 久屋大通
44%
M12 大曽根
44%
T01 上小田井
44%
B18 桜木町
43%
B32 あざみ野
43%
K02 | M11 平安通
43%
B17 関内
42%
M20 | T15 八事
42%
K01 三宮・花時計前
42%
N08 すすきの
41%
H12 千種
41%
K01 国際会館
41%
K08 | T13 烏丸御池
41%
K09 四条
41%
K15 竹田
41%
T15 二条
41%
K10 | S09 新長田
41%
S17 西神中央
41%
N16 真駒内
40%
H01 高畑
40%
K01 姪浜
40%
N01 麻生
39%
G10 日吉
39%
K10 五条
39%
S01 谷上
39%
B06 戸塚
38%
B11 上大岡
38%
H13 | S08 今池
38%
M13 ナゴヤドーム前矢田
38%
M18 名古屋大学
38%
M23 | S14 新瑞橋
38%
S10 | T12 御器所
38%
T10 バスセンター前
37%
T01 八木山動物公園
37%
H02 八田
37%
S04 | T06 丸の内
37%
T07 山科
37%
T17 太秦天神川
37%
H01 | K09 中洲川端
37%
K06 和田岬
36%
N01 泉中央
35%
G01 中山
35%
K12 九条
35%
T01 六地蔵
35%
B16 伊勢佐木長者町
34%
M03 | T09 上前津
34%
M19 八事日赤
34%
T04 浄心
34%
T08 大須観音
34%
S08 長田
34%
N15 自衛隊前
33%
N15 長町
33%
B26 北新横浜
33%
H05 中村日赤
33%
H11 新栄町
33%
T14 いりなか
33%
K03 北山
33%
T08 御陵
33%
S04 県庁前
33%
K04 ハーバーランド
33%
N16 天神南
33%
H01 栄町
32%
H09 豊水すすきの
32%
H04 中村公園
32%
H20 上社
32%
S13 瑞穂運動場西
32%
K13 十条
32%
K14 くいな橋
32%
B05 踊場
31%
B19 高島町
31%
H16 | M17 本山
31%
H17 東山公園
31%
H18 星ヶ丘
31%
M04 矢場町
31%
M08 名城公園
31%
M27 熱田神宮西
31%
S07 車道
31%
T11 三条京阪
31%
S12 名谷
31%
N01 橋本
31%
N06 北仙台
30%
B27 新羽
30%
H19 一社
30%
T12 京都市役所前
30%
T14 二条城前
30%
B09 上永谷
29%
B21 三ツ沢下町
29%
B22 三ツ沢上町
29%
T02 庄内緑地公園
29%
S16 西神南
29%
T01 宮の沢
28%
N17 富沢
28%
B08 下永谷
28%
M22 瑞穂運動場東
28%
M26 熱田神宮伝馬町
28%
T18
28%
S17 野並
28%
K10 祇園
28%
N07 七隈
28%
N03 北24条
28%
H07 亀島
27%
E02 日比野
27%
T19 平針
27%
S06 高岳
27%
T09 蹴上
27%
N14 薬院
27%
N04 北18条
27%
T13 白石
26%
H03 元町
26%
B12 弘明寺
26%
G09 日吉本町
26%
H15 覚王山
26%
H21 本郷
26%
M09 黒川
26%
M16 自由ヶ丘
26%
T03 庄内通
26%
K04 北大路
26%
K06 今出川
26%
S06 湊川公園
26%
S13 総合運動公園
26%
N05 北12条
26%
T03 琴似
25%
T13 荒井
25%
B02 下飯田
25%
B07 舞岡
25%
H03 岩塚
25%
H14 池下
25%
M02 東別院
25%
M14 砂田橋
25%
S12 瑞穂区役所
25%
K07 丸太町
25%
S10 板宿
25%
K02 旧居留地・大丸前
25%
K03 みなと元町
25%
K06 大濠公園
25%
K12 東比恵
25%
H07 貝塚
25%
N09 中島公園
24%
H14 福住
24%
N08 勾当台公園
24%
T06 青葉通一番町
24%
M15 茶屋ヶ坂
24%
M25 堀田
24%
E04 東海通
24%
E05 港区役所
24%
S20 神沢
24%
K02 松ヶ崎
24%
T03 醍醐
24%
S05 大倉山
24%
S07 上沢
24%
K04 西新
24%
B03 立場
23%
H06 本陣
23%
T16 塩釜口
23%
S09 吹上
23%
S11 妙法寺
23%
S14 学園都市
23%
N17 櫛田神社前
23%
T02 青葉山
22%
T08 宮城野通
22%
T12 六丁の目
22%
B15 阪東橋
22%
B31 中川
22%
G02 川和町
22%
G03 都筑ふれあいの丘
22%
M21 総合リハビリセンター
22%
E03 六番町
22%
T13 川名
22%
T17 植田
22%
S11 桜山
22%
S15 桜本町
22%
K05 鞍馬口
22%
K08 苅藻
22%
K05 唐人町
22%
N02 北34条
22%
T02 発寒南
21%
N16 長町南
21%
T03 川内
21%
B10 港南中央
21%
B24 岸根公園
21%
B28 仲町台
21%
T05 椥辻
21%
K07 御崎公園
21%
K09 駒ヶ林
21%
N09 広瀬通
20%
T09 連坊
20%
G06 北山田
20%
G07 東山田
20%
M10 志賀本通
20%
M28 西高蔵
20%
T05 浅間町
20%
T11 荒畑
20%
S19 相生山
20%
S15 伊川谷
20%
T07 西18丁目
20%
N10 幌平橋
19%
N12 平岸
19%
N13 南平岸
19%
T06 円山公園
19%
T12 東札幌
19%
N02 八乙女
19%
B04 中田
19%
B14 吉野町
19%
G08 高田
19%
M24 妙音通
19%
S18 鳴子北
19%
T16 西大路御池
19%
K05 中央市場前
19%
K07 赤坂
19%
T17 大谷地
18%
E06 築地口
18%
T08 西11丁目
18%
T18 ひばりが丘
17%
H13 月寒中央
17%
T11 卸町
17%
B13 蒔田
17%
T04 小野
17%
T15 南郷13丁目
17%
T14 南郷7丁目
17%
N14 澄川
16%
T04 二十四軒
16%
H05 東区役所前
16%
N11 五橋
16%
N13 河原町
16%
N14 長町一丁目
16%
T05 大町西公園
16%
B23 片倉町
16%
T02 石田
16%
T06 東野
16%
K02 室見
16%
K03 藤崎
16%
H05 箱崎宮前
16%
H06 北13条東
16%
T16 南郷18丁目
16%
T05 西28丁目
16%
T11 菊水
15%
H04 環状通東
15%
H11 豊平公園
15%
N07 北四番丁
15%
S16 鶴里
15%
H02 呉服町
15%
H03 千代県庁口
15%
H04 馬出九大病院前
15%
N13 薬院大通
15%
N11 中の島
14%
H10 学園前
14%
T10 薬師堂
14%
H06 箱崎九大前
14%
H02 新道東
13%
H12 美園
13%
N03 黒松
13%
N05 台原
13%
N12 愛宕橋
13%
N02 次郎丸
12%
N06 福大前
12%
N15 渡辺通
12%
N04 旭ヶ丘
11%
N09 茶山
11%
N11 六本松
11%
N04 野芥
10%
N12 桜坂
10%
N10 別府
7%
N03 賀茂
6%
N05 梅林
6%
No matching quizzes found
Score Distribution
Percent of People with Each Score
Percentile by Number Answered
Your Score History
You have not taken this quiz